00437nam a2200157Ia 4500008004100000020001800041082001900059100002200078245004200100250000800142260004200150300002800192500001900220600002000239650002000259240925s9999 xx 000 0 und d a9789332584914 a303.015195 STU aStudenmund, A. H. 0aUsing Econometrics: a practical guide a7th aNew Delhi:bPearson Educationc,2017. axxii,699p.b0fOriginal aIncludes Index aSocial Sciences aSocial Sciences